[Event "ISR Youth-Ch Finals 2021 U16"]
[Site "Ramat Hasharon"]
[Date "2021.03.25"]
[Round "8.15"]
[White "Musyuk, Lior"]
[Black "Hoffmann, Yair"]
[Result "0-1"]
[WhiteElo "2300"]
[BlackElo "2352"]
[Annotator "TA"]
[PlyCount "96"]
[EventDate "2021.03.19"]
[EventType "swiss"]
[EventCountry "ISR"]
[SourceTitle "playchess.com"]
[Source "ChessBase"]
[SourceQuality "1"]

{[%evp 16,96,-3,-35,0,0,0,0,53,53,60,52,67,51,62,6,74,77,81,73,82,85,102,102,110,34,33,38,32,0,74,64,69,58,61,6,21,0,0,-13,-16,-16,-16,-16,-14,-56,-37,-47,-42,-54,-53,-40,-12,-8,-14,-14,-17,-21,-16,-21,-29,-338,-324,-1042,-1413,-6214,-4133,-4133,-3139,-1840,-1407,-29979,-29944,-29949,-12406,-12406,-8195,-29979,-29980,-29982,-29983,-29982,-29983]} 1. e4 c6 2. d4 d5 3. e5 Bf5 4. Nc3 e6 5. g4 Bg6 6. Nge2 c5 7. h4 h5 8. Nf4 Bh7 9. Nxh5 cxd4 {B12: Caro-Kann: Advance Variation.} 10. Nb5 Nc6 11. Nxd4 Nxd4 ({Black should try} 11... Nge7 $11) 12. Qxd4 $14 Ne7 13. Bg5 {[#] Threatens to win with Bb5+.} Nc6 14. Qa4 ({And not} 14. Bxd8 Nxd4 15. Bg5 Bxc2 $17) 14... Qd7 15. Bb5 {[#]} (15. O-O-O $14) 15... a6 $146 (15... Rc8 $1 $11 {keeps the balance.}) ({Predecessor:} 15... Rc8 16. O-O a6 17. Bxc6 Rxc6 18. c3 Bg6 19. Ng3 Be7 20. Bxe7 Qxe7 21. h5 Qh4 {½-½ (34) Liong,I (2159)-Loo,P (1986) Kuala Lumpur 2008}) 16. Bxc6 $16 Qxc6 17. Qxc6+ bxc6 18. O-O-O Rb8 19. Rd4 Bg6 20. Ra4 (20. Ng3 $16) 20... Bxh5 $14 21. gxh5 Rb6 22. Rh3 (22. h6 {seems wilder.} g6 23. Be3 c5 24. Kb1 d4 25. Bg5) 22... Be7 (22... Rxh5 $11 23. Rb3 Rxb3 24. axb3 Be7) 23. Bxe7 Kxe7 $16 {[%mdl 4096] Endgame KRR-KRR} 24. Rg4 Rh7 25. c3 (25. Rf3 $14) 25... Rb7 26. f4 Rb8 27. Rhg3 Rxh5 28. Rxg7 Rxh4 29. R3g4 Rh2 30. R4g6 Rf2 31. Rf6 Rf8 (31... Rfxb2 32. Rgxf7+ Kd8 33. Rf8+ Kc7 34. R6f7+ Kb6 35. Rxb8+ Kc5 36. Rxb2) 32. a4 c5 33. Kb1 $1 d4 34. cxd4 cxd4 {With the idea ...d3.} 35. Rg3 Rb8 36. Rg7 $1 {[%cal Rg7f7]} Rbxb2+ 37. Ka1 Kd7 {[#] Hoping for ...d3.} 38. Rfxf7+ $2 {[%mdl 8192] This costs White the game.} (38. Rgxf7+ $11 Kc6 39. Rxe6+ Kd5 40. Rd6+ (40. Rxa6 $2 Ke4 $19) 40... Ke4 41. e6 (41. Rxa6 $2 d3 $19)) 38... Kc6 $19 {Strongly threatening ...d3.} 39. Rc7+ $2 (39. Rd7 Rbd2 40. Rd6+ Kc5 41. Rb7) 39... Kd5 40. Rgd7+ Ke4 41. Rc4 Rbd2 {( -> ...Rf1+)} 42. Kb1 Ke3 43. f5 Rd1+ 44. Rc1 Rxc1+ 45. Kxc1 Rxf5 46. Rd6 d3 {Black mates.} 47. Kb2 Rxe5 48. Kc3 Ke2 {Weighted Error Value: White=0.67/Black=0.15} 0-1

[Event "ISR Youth-Ch Finals 2021 U16"]
[Site "Ramat Hasharon"]
[Date "2021.03.25"]
[Round "8.16"]
[White "Aizenberg, Benny"]
[Black "Zaromb, Charles Irving"]
[Result "1-0"]
[WhiteElo "2307"]
[BlackElo "1886"]
[Annotator "TA"]
[PlyCount "57"]
[EventDate "2021.03.19"]
[EventType "swiss"]
[EventCountry "ISR"]
[SourceTitle "playchess.com"]
[Source "ChessBase"]
[SourceQuality "1"]

{[%evp 17,57,25,25,20,35,31,34,29,36,27,20,27,38,8,11,6,6,6,65,45,65,68,138,139,134,131,120,107,181,180,180,146,119,58,341,378,368,360,29990,29991,29991,29992]} 1. e4 e6 2. d4 d5 3. Nc3 Bb4 4. e5 c5 5. a3 Ba5 6. b4 cxd4 7. Nb5 Bc7 8. f4 Bd7 {8...Bd7 is better than 8...Ne7.} 9. Nxc7+ Qxc7 10. Nf3 {C18: French: 3 Nc3 Bb4: Main line: 7 h4 and 7 Qg4.} Nc6 11. Bd3 Nge7 12. O-O {White is slightly better.} Nf5 13. Bxf5 exf5 14. Bb2 O-O 15. Nxd4 Nxd4 16. Bxd4 Ba4 17. Rf2 b6 {[#]} ({Black should play} 17... Rac8 $11) 18. Qh5 $146 ({Predecessor:} 18. Rd2 Rac8 19. Rc1 Qe7 20. h3 Rc4 21. Qf3 Qe6 22. c3 Rfc8 23. Kf2 Bd7 24. Rg1 {½-½ (32) Simmelink,J (2280)-Evans,G (2239) IECG email 2001}) 18... Qd7 19. g4 fxg4 (19... g6 $14 20. gxf5 gxh5 21. Rg2+ Kh8 22. e6+ f6 23. exd7 Bxd7) 20. f5 $16 {[#] Threatens to win with f6.} f6 21. e6 ({Of course not} 21. Qxg4 $6 fxe5 22. Bxe5 Rac8 $11) 21... Qe7 22. Kh1 a5 (22... Qc7 $16) 23. Rg1 $18 axb4 24. axb4 Rfc8 25. Rxg4 (25. c3 $16) 25... Bxc2 $2 {[%mdl 8192] Black cannot hold the game after this.} (25... Rxc2 $14 26. Rf1 (26. Bxb6 Rc1+ 27. Kg2 Bd1 $17) 26... Be8) 26. Rfg2 Ra7 {aiming for ...Be4.} 27. Rh4 g6 $2 {[#]} (27... Kf8 $18 28. Qxh7 Qxe6 29. fxe6 Bxh7) 28. Rxg6+ $1 {[%mdl 576] Double Attack} Kf8 29. Qh6+ {Weighted Error Value: White=0.07/Black=0.51} 1-0

[Event "ISR Youth-Ch Finals 2021 U16"]
[Site "Ramat Hasharon"]
[Date "2021.03.26"]
[Round "9.1"]
[White "Yaniv, Yuval"]
[Black "Levin, Guy"]
[Result "1-0"]
[WhiteElo "2272"]
[BlackElo "2355"]
[Annotator "ChessBase"]
[PlyCount "69"]
[EventDate "2021.03.19"]
[EventType "swiss"]
[EventCountry "ISR"]
[SourceTitle "playchess.com"]
[Source "ChessBase"]
[SourceQuality "1"]
[TimeControl "5400+30"]

1. e4 {[%emt 0:00:00]} c5 {[%emt 0:00:00]} 2. Nf3 {[%emt 0:00:00]} Nc6 {[%emt 0:00:00]} 3. Bb5 {[%emt 0:00:13]} g6 {[%emt 0:00:00]} 4. Bxc6 {[%emt 0:00:49]} bxc6 {[%emt 0:00:00]} 5. O-O {[%emt 0:00:30]} Bg7 {[%emt 0:00:00]} 6. Re1 {[%emt 0:00:04]} Qc7 {[%emt 0:00:01]} 7. e5 {[%emt 0:01:04]} f6 {[%emt 0:00:55]} 8. e6 {[%emt 0:00:18]} d6 {[%emt 0:00:01]} 9. c3 {[%emt 0:17:20]} Nh6 {[%emt 0:04:13]} 10. d4 {[%emt 0:00:33]} cxd4 {[%emt 0:00:23]} 11. cxd4 {[%emt 0:01:08]} O-O {[%emt 0:00:16]} 12. Nc3 {[%emt 0:01:19]} Bb7 {[%emt 0:00:43]} 13. Bxh6 {[%emt 0:05:53]} Bxh6 {[%emt 0:00:56]} 14. h4 {[%emt 0:00:10]} c5 {[%emt 0:02:28]} 15. d5 {[%emt 0:00:09]} Qb6 {[%emt 0:05:56]} 16. Qc2 {[%emt 0:01:41]} f5 {[%emt 0:07:55]} 17. Rad1 {[%emt 0:05:16]} Rab8 {[%emt 0:03:14]} 18. h5 {[%emt 0:03:34]} Qb4 {[%emt 0:01:58]} 19. hxg6 {[%emt 0:01:26]} hxg6 {[%emt 0:00:10]} 20. g3 {[%emt 0:10:57]} Rf6 {[%emt 0:11:51]} 21. Kg2 {[%emt 0:01:58]} g5 {[%emt 0:00:21]} 22. a3 {[%emt 0:12:22]} Qa5 {[%emt 0:04:18]} 23. Rh1 {[%emt 0:02:59]} Rbf8 {[%emt 0:04:22]} 24. Rh5 {[%emt 0:02:04]} Rg6 {[%emt 0:00:02]} 25. Rdh1 {[%emt 0:06:07]} Kg7 {[%emt 0:01:21]} 26. Qd2 {[%emt 0:03:07]} Rff6 {[%emt 0:01:22]} 27. Rxh6 {[%emt 0:00:45]} Rxh6 {[%emt 0:00:01]} 28. Rxh6 {[%emt 0:00:02]} Kxh6 {[%emt 0:00:38]} 29. Qxg5+ {[%emt 0:00:01]} Kh7 {[%emt 0:00:02]} 30. Qh5+ {[%emt 0:00:20]} Kg7 {[%emt 0:00:03]} 31. Ng5 {[%emt 0:00:09]} Rg6 {[%emt 0:00:25]} 32. Qh7+ {[%emt 0:01:13]} Kf6 {[%emt 0:00:01]} 33. Qh8+ {[%emt 0:00:01]} Rg7 {[%emt 0:00:02]} 34. Nh7+ {[%emt 0:01:07]} Kg6 {[%emt 0:00:01]} 35. Nf8+ {[%emt 0:22:51]} 1-0

[Event "ISR Youth-Ch Finals 2021 U16"]
[Site "Ramat Hasharon"]
[Date "2021.03.26"]
[Round "9.2"]
[White "Rozen, Eytan"]
[Black "Guz, Ari"]
[Result "1-0"]
[WhiteElo "2399"]
[BlackElo "2302"]
[Annotator "TA"]
[PlyCount "107"]
[EventDate "2021.03.19"]
[EventType "swiss"]
[EventCountry "ISR"]
[SourceTitle "playchess.com"]
[Source "ChessBase"]
[SourceQuality "1"]

{[%evp 9,107,-6,18,12,26,31,46,49,73,74,72,79,77,82,89,58,92,99,82,84,92,66,86,70,100,69,62,69,71,56,70,62,61,69,88,88,88,88,75,24,38,27,31,25,104,104,104,104,104,104,104,104,104,104,104,104,104,104,104,104,104,104,104,104,104,104,146,146,146,146,121,-8,-8,-8,-8,-8,-8,-8,-8,-8,352,331,1088,954,1042,1012,906,584,1914,1619,1432,830,2072,1746,5057,3707,29982,29983,29985,29986]} 1. e4 c6 2. Nf3 d5 3. d3 dxe4 4. dxe4 Qxd1+ 5. Kxd1 Bg4 6. c3 {B10: Caro-Kann: 2 d3 and 2 c4.} Nd7 {[#]} 7. Kc2 $146 ({Predecessor:} 7. Be2 O-O-O 8. Kd2 Nc5+ 9. Nd4 Bxe2 10. Kxe2 e5 11. Nf3 Nxe4 12. Re1 f6 13. Kf1 {0-1 (22) Gorelov,I-Lukianov,A (1875) Dimitrovgrad 2013}) 7... Ngf6 8. Nfd2 {White is slightly better.} e5 9. f3 Be6 10. Bc4 Bxc4 11. Nxc4 O-O-O 12. Be3 Kb8 13. a4 Ne8 14. Rd1 f6 15. b4 Be7 16. Nbd2 Nd6 17. Nxd6 Bxd6 18. Nc4 Bc7 19. a5 {[%cal Ba4a5,Ba5a6][%mdl 32]} Rhe8 20. a6 b6 21. Nd6 Bxd6 22. Rxd6 Kc7 23. Rad1 Re7 24. f4 (24. c4 $16) 24... Rde8 $11 25. c4 Nb8 26. b5 c5 (26... exf4 $1 $11 {keeps the balance.} 27. Bxf4 Kc8) 27. f5 $36 {[%mdl 2048] White has strong initiative.} Rd7 28. Rxd7+ Nxd7 {[%mdl 4096] Endgame KRB-KRN} 29. g4 h6 30. h4 Rh8 31. Rd2 Rh7 32. Kd1 Rh8 33. Ke2 Rh7 34. Kf3 Rh8 35. Kg3 Rh7 36. Rd5 Rh8 37. g5 hxg5 38. hxg5 Rh5 39. Bd2 Rh1 40. Be3 (40. g6 $16) 40... fxg5 $11 41. Bxg5 {[#] Black must now prevent Be7.} Rg1+ 42. Kh4 Re1 $1 {[%cal Re1e4]} 43. Be7 {Strongly threatening Rd6.} Rxe4+ 44. Kg5 {Rd6 is the strong threat.} Rxc4 $2 {[%mdl 8192] [#] This move loses the game for Black.} (44... Rd4 $1 $11 {and Black stays safe.}) 45. Rd6 $1 $18 {[%cal Rd6c6] Rc6+ would kill now.} Nf6 $2 (45... Nb8 46. Rg6 Rc1) 46. Rc6+ Kd7 47. Bxf6 gxf6+ 48. Rxf6 {KR-KR} e4 49. Rf7+ Kd6 50. Rxa7 Rc1 51. Rb7 Ra1 52. f6 e3 53. f7 Rg1+ 54. Kf4 {Weighted Error Value: White=0.10/Black=0.42} 1-0

[Event "ISR Youth-Ch Finals 2021 U16"]
[Site "Ramat Hasharon"]
[Date "2021.03.26"]
[Round "9.3"]
[White "Zemach, Nadav"]
[Black "Sokolovsky, Yahli"]
[Result "0-1"]
[WhiteElo "2162"]
[BlackElo "2472"]
[Annotator "TA"]
[PlyCount "226"]
[EventDate "2021.03.19"]
[EventType "swiss"]
[EventCountry "ISR"]
[SourceTitle "playchess.com"]
[Source "ChessBase"]
[SourceQuality "1"]

{[%evp 21,226,16,23,4,10,10,16,16,11,12,26,0,15,11,12,7,16,13,15,10,14,13,21,22,14,9,10,-20,25,23,31,14,12,0,0,0,0,0,2,0,0,0,0,-23,-20,-20,-7,-20,0,-22,-7,-20,-6,-14,0,-11,-18,-54,-39,-39,-39,-41,-47,-55,-23,-18,-9,-55,-33,-68,0,-56,-8,-25,-5,-5,-6,-33,0,-18,-18,-85,-21,-38,-4,-20,-8,-2,-8,-8,-8,-107,-112,-112,-112,-111,-110,-98,-25,-25,-23,-37,0,-10,-9,-16,-16,-18,-20,-62,-41,-47,-33,-229,-145,-358,-352,-348,-310,-310,-310,-310,-310,-310,-213,-191,0,-310,-304,-310,-296,-283,-128,-115,0,-276,-226,-198,-203,-193,-8,-80,-68,-112,-80,-74,-77,-62,-72,-222,-207,-288,-275,-281,-243,-304,-304,-285,-273,-304,-304,-297,-297,-356,-335,-339,-335,-322,-297,-297,-297,-297,-295,-289,-289,-289,0,-277,-232,-210,-118,-101,-100,-120,-110,-124,-107,-288,-293,-272,-252,-783,-776,-792,-792,-775,-744,-639,-611,-1558,-1278,-1221,-1110,-29983,-29984,-29981,-29982]} 1. d4 d5 2. c4 c6 3. Nf3 Nf6 4. e3 Bf5 5. Nc3 e6 6. Bd3 Bxd3 7. Qxd3 Bd6 8. O-O O-O 9. e4 dxe4 10. Nxe4 Nxe4 11. Qxe4 Nd7 12. Bf4 {D12: Slav Defence: 3 Nf3 Nf6 4 e3 Bf5.} Nf6 13. Qe3 Qc7 14. Bxd6 {The position is equal.} Qxd6 {[#]} 15. Rfd1 $146 ({Predecessor:} 15. Rad1 Rad8 16. Rfe1 Rfe8 17. Rd2 Qb4 18. Ne5 Nd7 19. a3 Qe7 20. Red1 Nxe5 21. dxe5 {1-0 (35) Cinque,A (1911)-Carnicelli,V (1756) Positano 2009}) 15... Qb4 16. Qb3 Qe7 17. h3 Rfd8 18. Qe3 Rd6 19. Rd2 Qc7 20. Rad1 Rad8 21. b3 Qa5 22. Qe5 Qc7 23. Ng5 R6d7 {And now ...Qxe5 would win.} 24. Ne4 (24. Qe3 {keeps more tension.} Qa5 25. g4 e5 26. d5 cxd5 27. Qxe5 Qc5 28. cxd5 Qd6 29. Qxd6 Rxd6 30. Kg2) 24... Kh8 (24... Nxe4 {looks sharper.} 25. Qxe4 b5 26. Qe2 Qb7 27. Qf3 Qb6) 25. Qxc7 Rxc7 26. Nxf6 gxf6 $11 {[%mdl 4096] Endgame KRR-KRR} 27. Kf1 Rcd7 28. Ke2 Kg7 29. Ke3 f5 30. Rd3 Kf6 31. R3d2 h5 32. Rd3 Rg8 33. Kf3 Kg5 34. Ke2 {aiming for Rg3+.} Kf6 35. Kf3 Rg6 36. b4 Rg8 37. a4 Rgd8 38. Ke2 f4 39. f3 Kf5 40. h4 f6 41. R1d2 Kg6 42. Rd1 Kf7 43. R1d2 Ke7 44. Rd1 Rd6 45. R1d2 R8d7 ({Black should play} 45... e5 $1 $15) 46. Rd1 (46. c5 $11 Rd5 47. Kd1) 46... Kd8 47. R1d2 Kc7 48. Rd1 Rd8 49. R1d2 R6d7 50. Rd1 b6 51. R1d2 (51. b5 $11 {keeps the balance.}) 51... a6 (51... e5 $1 $17 {[%cal Re5d4]} 52. dxe5 fxe5) 52. Rd1 Kb7 53. R1d2 b5 54. cxb5 cxb5 55. axb5 axb5 56. Rc2 (56. Kd1 $11) 56... Rxd4 $17 57. Rdc3 R8d7 $1 ({Reject} 57... Rxb4 $6 58. Rc7+ Ka8 59. R7c6 $11) 58. Rc5 R4d5 59. Rc8 {[#]} e5 (59... Rd2+ $1 $17 60. Rxd2 Kxc8) 60. Rh8 $11 Rd4 61. Rb2 Rg7 62. Ke1 Kc6 63. Rxh5 Kd5 64. Rh8 Ke6 65. h5 Rc7 66. h6 Kf5 67. h7 $2 (67. Rb8 $15) 67... Rb7 68. Rc8 $2 (68. Re2 $17) 68... Rxh7 $19 69. Rb8 Rd5 70. Kf2 Rc7 71. Rb6 Rc4 72. Rb8 Ke6 73. Rb6+ Kf5 (73... Kf7 $142 74. Ke2 Kg6) 74. Rb8 $1 Rc6 75. Ke2 Rcd6 76. Rc2 Kg5 (76... Ra6 $19 {is more deadly.} 77. Rb7 Ra4) 77. Rg8+ $17 Kf5 $2 (77... Kh6 $17 78. g3 Rd3 79. gxf4 exf4) 78. Rb8 $19 Ke6 79. Re8+ Kd7 80. Rb8 Rc6 $2 ({Better is} 80... Ke7 $19 {White should prevent ...Ke6.} 81. Rb2 Ra6) 81. Ra2 (81. Rb7+ $11 {remains equal.} Kd6 82. Rd2) 81... Rc4 82. Ra7+ Rc7 83. Ra2 Ke7 84. Rb6 Rcd7 85. Rc2 (85. Kf2 $17 {was called for.}) 85... Kf7 86. Ra2 Kg6 87. Rb8 Kf5 88. Rb6 Rd8 89. Rc2 Kg5 90. Rb7 Ra8 91. Rg7+ Kf5 92. Rf7 {intending Rc6.} Kg6 93. Rb7 Ra4 94. Rb2 Ra3 95. Rb6 Kg5 96. Rb8 Rc3 97. Rg8+ Kf5 98. Rb8 Rc4 $2 (98... Rc1 $19 {Strongly threatening ...Rg1.} 99. Rd2 Rxd2+ 100. Kxd2 Rg1 101. Rxb5 Rxg2+ 102. Ke1 Kg5) 99. Rb6 $2 {[%mdl 8192]} (99. Kf2 $11 {and White stays safe.}) 99... Kg5 100. Rb8 f5 ({Black should try} 100... Rc1 $19 101. Rd2 Rxd2+ 102. Kxd2 Rg1) 101. Ra2 $17 Rcd4 ({Much worse is} 101... Rxb4 $6 102. Ra6 $11) 102. Rg8+ Kf6 103. Rf8+ Ke6 104. Rb2 $2 {[#]} (104. Re8+ $17 {was worth a try.} Kf7 105. Rb8) 104... Rd8 $1 $19 {[%cal Rd8f8]} 105. Rxd8 Rxd8 {KR-KR} 106. Kf2 $2 (106. Rc2) 106... Rd4 107. g3 fxg3+ 108. Kxg3 Kd5 109. Kf2 Kc4 110. Ke3 Kc3 111. Rb1 Kc2 112. Rh1 f4+ 113. Ke2 Rd2+ {Weighted Error Value: White=0.16/Black=0.14} 0-1

[Event "ISR Youth-Ch Finals 2021 U16"]
[Site "Ramat Hasharon"]
[Date "2021.03.26"]
[Round "9.4"]
[White "Hoffmann, Yair"]
[Black "Shocron, Alon"]
[Result "1-0"]
[WhiteElo "2352"]
[BlackElo "1945"]
[Annotator "ChessBase"]
[PlyCount "44"]
[EventDate "2021.03.19"]
[EventType "swiss"]
[EventCountry "ISR"]
[SourceTitle "playchess.com"]
[Source "ChessBase"]
[SourceQuality "1"]
[TimeControl "5400+30"]

1. c4 {[%emt 0:00:00]} Nf6 {[%emt 0:00:56]} 2. g3 {[%emt 0:00:00]} e6 {[%emt 0:01:12]} 3. Bg2 {[%emt 0:00:00]} d5 {[%emt 0:00:46]} 4. Nf3 {[%emt 0:00:07]} Be7 {[%emt 0:04:51]} 5. d4 {[%emt 0:00:11]} O-O {[%emt 0:00:31]} 6. Nc3 {[%emt 0:00:10]} dxc4 {[%emt 0:01:08]} 7. Ne5 {[%emt 0:00:08]} c5 {[%emt 0:04:19]} 8. dxc5 {[%emt 0:00:16]} Bxc5 {[%emt 0:10:10]} 9. Bf4 {[%emt 0:10:42]} Qe7 {[%emt 0:05:37]} 10. O-O {[%emt 0:01:37]} Nc6 {[%emt 0:05:12]} 11. Nxc6 {[%emt 0:03:04]} bxc6 {[%emt 0:00:04]} 12. Qa4 {[%emt 0:00:20]} e5 {[%emt 0:07:02]} 13. Bg5 {[%emt 0:02:16]} Be6 {[%emt 0:03:06]} 14. Qxc6 {[%emt 0:01:34]} Rab8 {[%emt 0:04:46]} 15. Bxf6 {[%emt 0:07:17]} gxf6 {[%emt 0:01:36]} 16. Rab1 {[%emt 0:00:41]} Rfd8 {[%emt 0:08:13]} 17. Rfd1 {[%emt 0:08:05]} Rxd1+ {[%emt 0:14:13]} 18. Rxd1 {[%emt 0:00:05]} Bd4 {[%emt 0:05:03]} 19. Nd5 {[%emt 0:02:10]} Bxd5 {[%emt 0:05:12]} 20. Bxd5 {[%emt 0:01:04]} Rd8 {[%emt 0:05:30]} 21. e3 {[%emt 0:00:52]} Bc5 {[%emt 0:05:50]} 22. Qb5 {[%emt 0:01:04]} Rd7 {[%emt 0:01:13]} 1-0

[Event "ISR Youth-Ch Finals 2021 U16"]
[Site "Ramat Hasharon"]
[Date "2021.03.26"]
[Round "9.5"]
[White "Rivlin, Shachar"]
[Black "Aizenberg, Benny"]
[Result "0-1"]
[WhiteElo "1918"]
[BlackElo "2307"]
[Annotator "ChessBase"]
[PlyCount "122"]
[EventDate "2021.03.19"]
[EventType "swiss"]
[EventCountry "ISR"]
[SourceTitle "playchess.com"]
[Source "ChessBase"]
[SourceQuality "1"]
[TimeControl "5400+30"]

1. d4 {[%emt 0:00:05]} Nf6 {[%emt 0:00:00]} 2. c4 {[%emt 0:00:11]} g6 {[%emt 0:00:00]} 3. Nc3 {[%emt 0:00:10]} d5 {[%emt 0:00:00]} 4. cxd5 {[%emt 0:00:07]} Nxd5 {[%emt 0:00:00]} 5. e4 {[%emt 0:00:10]} Nxc3 {[%emt 0:00:00]} 6. bxc3 {[%emt 0:00:07]} Bg7 {[%emt 0:00:00]} 7. Bc4 {[%emt 0:00:17]} c5 {[%emt 0:00:00]} 8. Ne2 {[%emt 0:00:08]} Nc6 {[%emt 0:00:00]} 9. Be3 {[%emt 0:00:07]} O-O {[%emt 0:00:01]} 10. O-O {[%emt 0:00:06]} Bg4 {[%emt 0:00:05]} 11. f3 {[%emt 0:00:09]} Bd7 {[%emt 0:00:02]} 12. Rb1 {[%emt 0:00:39]} Qc7 {[%emt 0:00:21]} 13. Qd2 {[%emt 0:00:31]} Rfd8 {[%emt 0:00:18]} 14. Rfc1 {[%emt 0:02:32]} Be8 {[%emt 0:03:43]} 15. f4 {[%emt 0:04:52]} Rac8 {[%emt 0:03:48]} 16. Bd3 {[%emt 0:08:57]} e6 {[%emt 0:07:04]} 17. f5 {[%emt 0:11:03]} exf5 {[%emt 0:11:44]} 18. exf5 {[%emt 0:01:08]} cxd4 {[%emt 0:17:10]} 19. cxd4 {[%emt 0:02:29]} Qe7 {[%emt 0:04:41]} 20. Bg5 {[%emt 0:08:07]} Bf6 {[%emt 0:01:32]} 21. Bxf6 {[%emt 0:13:01]} Qxf6 {[%emt 0:00:02]} 22. fxg6 {[%emt 0:11:55]} hxg6 {[%emt 0:02:48]} 23. Rf1 {[%emt 0:00:58]} Qe7 {[%emt 0:02:56]} 24. Rf4 {[%emt 0:03:10]} Rd6 {[%emt 0:06:03]} 25. Rbf1 {[%emt 0:04:57]} Nd8 {[%emt 0:08:35]} 26. Re4 {[%emt 0:00:59]} Re6 {[%emt 0:00:06]} 27. Rff4 {[%emt 0:02:11]} Bc6 {[%emt 0:02:36]} 28. d5 {[%emt 0:03:28]} Bxd5 {[%emt 0:06:59]} 29. Rd4 {[%emt 0:00:51]} Qg5 {[%emt 0:04:29]} 30. Ng3 {[%emt 0:06:53]} Nc6 {[%emt 0:02:18]} 31. Bxg6 {[%emt 0:09:20]} Re1+ {[%emt 0:10:23]} 32. Qxe1 {[%emt 0:00:56]} Nxd4 {[%emt 0:00:01]} 33. Bxf7+ {[%emt 0:03:49]} Bxf7 {[%emt 0:00:01]} 34. Rxd4 {[%emt 0:00:52]} Rc1 {[%emt 0:02:02]} 35. Rd1 {[%emt 0:01:41]} Rxd1 {[%emt 0:01:26]} 36. Qxd1 {[%emt 0:00:12]} Bxa2 {[%emt 0:00:04]} 37. Qe1 {[%emt 0:00:46]} Qg6 {[%emt 0:00:34]} 38. Qe2 {[%emt 0:00:32]} Bd5 {[%emt 0:00:36]} 39. Nf1 {[%emt 0:00:32]} b5 {[%emt 0:03:42]} 40. Ne3 {[%emt 0:00:26]} Qe4 {[%emt 0:00:02]} 41. Qd2 {[%emt 0:00:24]} Bf7 {[%emt 0:00:17]} 42. Qd8+ {[%emt 0:00:30]} Kh7 {[%emt 0:00:07]} 43. Qg5 {[%emt 0:00:23]} b4 {[%emt 0:00:08]} 44. h4 {[%emt 0:00:34]} Qg6 {[%emt 0:03:09]} 45. Qe5 {[%emt 0:00:41]} b3 {[%emt 0:01:18]} 46. h5 {[%emt 0:00:31]} Qxh5 {[%emt 0:00:55]} 47. Nf5 {[%emt 0:00:18]} Qg5 {[%emt 0:00:28]} 48. Qh2+ {[%emt 0:00:08]} Kg6 {[%emt 0:00:15]} 49. Nh4+ {[%emt 0:00:27]} Kg7 {[%emt 0:00:01]} 50. Qh3 {[%emt 0:01:01]} b2 {[%emt 0:01:22]} 51. Qc3+ {[%emt 0:00:10]} Qf6 {[%emt 0:00:31]} 52. Qg3+ {[%emt 0:00:12]} Bg6 {[%emt 0:00:10]} 53. Qc7+ {[%emt 0:00:08]} Kh6 {[%emt 0:00:03]} 54. Nf5+ {[%emt 0:01:14]} Qxf5 {[%emt 0:00:35]} 55. Qh2+ {[%emt 0:00:12]} Kg7 {[%emt 0:00:30]} 56. Qc7+ {[%emt 0:00:03]} Bf7 {[%emt 0:00:29]} 57. Qg3+ {[%emt 0:01:11]} Bg6 {[%emt 0:00:15]} 58. Qc3+ {[%emt 0:00:19]} Qf6 {[%emt 0:00:02]} 59. Qc7+ {[%emt 0:00:18]} Kh6 {[%emt 0:00:01]} 60. Qh2+ {[%emt 0:01:17]} Bh5 {[%emt 0:00:01]} 61. Qb8 {[%emt 0:00:33]} Qb6+ {[%emt 0:00:03]} 0-1